Miasta województwa lubuskiego (dawne nazwy) - Statystyki

Ogólne statystyki
  • Ten quiz został rozwiązany 120 razy
  • Średni wynik to 13 z 20
Statystyki odpowiedzi
Niemiecka: Polska: % Poprawnych
Grünberg in Schlesien Zielona Góra
94%
Landsberg an der Warthe Gorzów Wielkopolski
85%
Küstrin Kostrzyn nad Odrą
85%
Sorau Żary
80%
Sagan in Schlesien / Sagan am Bober Żagań
77%
Neusalz an der Oder Nowa Sól
75%
Schwiebus Świebodzin
74%
Sprottau Szprotawa
71%
Driesen Drezdenko
69%
Crossen an der Oder Krosno Odrzańskie
69%
Züllichau Sulechów
67%
Bomst Babimost
63%
Meseritz Międzyrzecz
63%
Zielenzig Sulęcin
54%
Fraustadt Wschowa
49%
Friedeberg Strzelce Krajeńskie
43%
Schwerin an der Warthe Skwierzyna
41%
Freystadt in Schlesien Kożuchów
40%
Sommerfeld Lubsko
35%
Rothenburg an der Oder Czerwieńsk
26%
Nie znaleziono quizów pasujących do podanych kryteriów
Rozkład punktacji
Procent ludzi z każdym wynikiem
Percentyl według liczby udzielonych odpowiedzi
Twoja historia wyników
Nie rozwiązałeś tego quizu